| 000 | 00498cam a2200193ua 4500 | ||
|---|---|---|---|
| 020 | _c10.00 | ||
| 041 |
_aeng _h |
||
| 082 |
_a636.08245 _bPER/AR |
||
| 100 | _aPerry, Enos J . | ||
| 245 |
_aArtificial insemination of farm animals / _cEnos J Perry. _hTextual Documents |
||
| 250 |
_a3 / _b. |
||
| 260 |
_aNew Delhi : _bOxford & IBH Publishing company , _c1965. |
||
| 300 | _a430 ; . | ||
| 365 | _a10.00 | ||
| 504 | _a | ||
| 942 | _cBK | ||
| 999 |
_c10812 _d10812 |
||